| 000 | 00582nam a2200217Ii 4500 | ||
|---|---|---|---|
| 001 | 17144 | ||
| 003 | CO-ViMGA | ||
| 008 | 241108s9999||||xx |||||||||||||| ||und|| | ||
| 020 | _a8426135617 | ||
| 040 |
_aCO-ViMGA _bspa _erda _cCO-ViMGA |
||
| 041 | 0 | _aspa | |
| 084 | _aC ANO | ||
| 100 | 1 |
_aAnónimo _93691 |
|
| 245 | 1 | 0 | _aLas mil y una noche |
| 264 | 1 | _aMadrid, España : Juventud, 2006 | |
| 300 | _avolumen | ||
| 336 |
_atext _btxt _2rdacontent |
||
| 337 |
_aunmediated _bn _2rdamedia |
||
| 338 |
_avolume _bnc _2rdacarrier |
||
| 940 | _aidficha_siabuc: 16810. -- ficha_no_siabuc:17144 | ||
| 999 |
_c39312 _d39312 |
||